000 00377nam a2200157Ia 4500
008 210210b1990 xxu||||| |||| 00| 0 eng d
020 _a81 224 0206 2
082 _a333.79 DESA
100 _aDESAI (Ashok V), Ed.
245 _aAlternative liquid fuels.
260 _aTokyo
_b
_c1990
300 _a157
650 _aLiquid fuels
690 _aLand Economics
906 _a047767
999 _c97101
_d97101